Interaktívny informačný panel pre inteligentnú učebňu

Salvato in:
Dettagli Bibliografici
Autore principale: Lenárt, Boris (Autore)
Altri autori: Bartalský, Lukáš (Relatore della tesi)
Natura: Manoscritto Libro
Lingua:slovacco
Pubblicazione: 2024
Soggetti:
Accesso online:http://is.stuba.sk/zp/portal_zp.pl?podrobnosti=172621
Tags: Aggiungi Tag
Nessun Tag, puoi essere il primo ad aggiungerne!!

MARC

LEADER 00000ntm a22000003a 4500
001 stuzp99947
003 SK-STU
005 20241120084734.1
007 ta
008 150427s2015----xo-----f-mn---000-0-slo-d
040 |a STU  |b slo 
041 0 |a slo 
100 1 |a Lenárt, Boris  |u 020020  |4 aut  |U SjF Strojnícka fakulta  |T SjF Ústav automatizácie, informatizácie a merania  |X 117677  |U J0020  |Y 802  |7 117677 
242 0 1 |a Interactive information panel for a smart classroom  |y eng 
245 1 0 |a Interaktívny informačný panel pre inteligentnú učebňu 
260 |c 2024 
650 4 |a interaktívny panel  |2 slo 
650 4 |a inteligentná učebňa  |2 slo 
650 4 |a Raspberry Pi  |2 slo 
650 4 |a GUI  |2 slo 
650 4 |a HTML  |2 slo 
650 4 |a interactive panel  |2 eng 
650 4 |a smart classroom  |2 eng 
650 4 |a Raspberry Pi  |2 eng 
650 4 |a GUI  |2 eng 
650 4 |a HTML  |2 eng 
700 1 |a Bartalský, Lukáš  |u 020020  |k Z1  |4 ths  |U SjF Strojnícka fakulta  |T SjF Ústav automatizácie, informatizácie a merania  |X 57845  |U J0020  |Y 802  |7 A000057845 
856 4 |u http://is.stuba.sk/zp/portal_zp.pl?podrobnosti=172621 
996 |b 284J047659  |c J* 3754/DDP  |l JJSK  |s A  |a 24  |w stuzp99947_0001